| 000 | 00539nam a2200157Ia 4500 | ||
|---|---|---|---|
| 008 | 210716s2017 xx 000 0 und d | ||
| 020 | _a9789352136810 | ||
| 041 | _aeng | ||
| 082 | _a005.1372 GRIP | ||
| 100 | _aGries, Paul; Campbell, Jennifer; Montojo, Jason. | ||
| 245 |
_aPractical programming: an introduction to computer science using python 3.6. _bIntroduction to computer science using python 3.6. |
||
| 250 | _a3 | ||
| 260 |
_aNew Delhi _bShroff Publishers and Distributors Pvt Ltd _c2017 |
||
| 300 | _axv,383 | ||
| 650 | _aNone | ||
| 999 |
_c196900 _d196900 |
||